000 00659nam a2200193 a 4500
001 000019192
005 20200929165940.0
008 100528s1986 pr a 000 p spa d
040 _aDO-SdBNP
_bspa
_cBNPHU
082 _aPR861.44
_bM474L
100 1 _aMaysonet Marrero, Pablo,
_941301
245 1 0 _aLigero de equipaje /
_cPablo Maysonet Marrero ; prólogo Manuel Gómez Rivera.
260 _aPuerto Rico :
_bTaller Gráfico Gongoli,
_c1986.
300 _a49 p. :
_bil. ;
_c21 cm.
650 4 _aPoesía puertorriqueña
_91015
650 4 _aLiteratura puertorriqueña
_ySIGLO XX
_95311
700 1 _aGómez Rivera , Manuel
_epról.
_d1931-
_941302
049 _aBNGR
999 _c18710
_d18710